000 00753nam a2200241Ia 4500
003 OSt
005 20220923214455.0
006 a|||||r|||| 00| 0
007 ta
008 220922b |||||||| |||| 00| 0 hin d
024 _a169,799
037 _cTextual
040 _aARTS
_cARTS
_bhin
041 _2hin
_ahin
082 _aO152,3M95:g, L3
100 _aआनन्द, रवेलचन्द
245 0 _aकथाकार राहुल सांकृत्यायन
246 _aKathākār rāhul sāankṛutyāyana
260 _c1973
650 _aहिन्दी साहित्य
_9156264
942 _hO152,3M95:g, L3
_cTEXL
_2CC
999 _c324219
_d324219